Fundamentals of brain network analysis / (Record no. 171621)

MARC details
000 -LEADER
fixed length control field 01057cam a2200313 i 4500
001 - CONTROL NUMBER
control field 18695102
003 - CONTROL NUMBER IDENTIFIER
control field OSt
005 - DATE AND TIME OF LATEST TRANSACTION
control field 20250416094635.0
008 - FIXED-LENGTH DATA ELEMENTS--GENERAL INFORMATION
fixed length control field 150710s2016 ne ac b 001 0 eng c
020 ## - INTERNATIONAL STANDARD BOOK NUMBER
International Standard Book Number 9780124079083 (hardcover)
040 ## - CATALOGING SOURCE
Original cataloging agency NLM
Language of cataloging eng
Transcribing agency NLM
Description conventions rda
Modifying agency NUST
050 00 - LIBRARY OF CONGRESS CALL NUMBER
Classification number QP363.3 FOR
100 1# - MAIN ENTRY--PERSONAL NAME
Personal name Fornito, Alex
Relator term Author
245 10 - TITLE STATEMENT
Title Fundamentals of brain network analysis /
Statement of responsibility, etc. Alex Fornito, Andrew Zalesky and Edward T Bullmore.
260 ## - PUBLICATION, DISTRIBUTION, ETC.
Place of publication, distribution, etc. Amsterdam ;
Name of publisher, distributor, etc. Academic Press,
Date of publication, distribution, etc. 2016.
300 ## - PHYSICAL DESCRIPTION
Extent xvii, 476 pages :
Other physical details Illustrations ;
Dimensions 25 cm.
336 ## - CONTENT TYPE
Content type term text
Content type code txt
Source rdacontent
337 ## - MEDIA TYPE
Media type term unmediated
Media type code n
Source rdamedia
338 ## - CARRIER TYPE
Carrier type term volume
Carrier type code nc
Source rdacarrier
504 ## - BIBLIOGRAPHY, ETC. NOTE
Bibliography, etc. note Includes bibliographical references and index.
650 #0 - SUBJECT ADDED ENTRY--TOPICAL TERM
Form subdivision Neural circuitry.
650 #0 - SUBJECT ADDED ENTRY--TOPICAL TERM
Form subdivision Neural networks (Neurobiology).
650 #0 - SUBJECT ADDED ENTRY--TOPICAL TERM
Form subdivision Brain.
650 #0 - SUBJECT ADDED ENTRY--TOPICAL TERM
Form subdivision Connectome.
650 #0 - SUBJECT ADDED ENTRY--TOPICAL TERM
Form subdivision Neural pathways -- physiology.
700 1# - ADDED ENTRY--PERSONAL NAME
Personal name Zalesky, Andrew
Relator term Author
700 1# - ADDED ENTRY--PERSONAL NAME
Personal name Bullmore, Edward T
Relator term Author
942 ## - ADDED ENTRY ELEMENTS (KOHA)
Source of classification or shelving scheme Library of Congress Classification
Koha item type Ordinary Loan Books
Classification part QP363.3 FOR
Call number prefix QP
Call number suffix FOR
Suppress in OPAC No
Holdings
Withdrawn status Lost status Source of classification or shelving scheme Damaged status Not for loan Collection Home library Current library Shelving location Date acquired Source of acquisition Cost, normal purchase price Total Checkouts Full call number Barcode Date last seen Accession number Cost, replacement price Price effective from Koha item type Public note
    LCC     NFIC MAIN MAIN GEN 04/16/2025 Book Aid International 94.00   QP363.3 FOR 92004057530 04/16/2025 63118 94.00 04/16/2025 BOOKS Donation